00540 a2200157 4500010001400000020002300014035001300037037001500050082001200065100001700077245007200094260005400166270009800220300002400318500004000342 aENG-88373 a8189652443c400.00 aEN-71906 bDBAD / PUB14a954.0831 aBakshi, S.R.1 aRani Lakshmi Bai:cby S.R. Bakshibsymbol of valour and patriotism/ aDelhibVista International Publishing Housec2006 aV-196, Near Shiv Sadhna Mandir, C-11, Yamuna Vihar,bDelhie110 053k(011) 55126093, 22921212 av, 150p.c22cm (Hb) aIncludes bibliographical references